000 00810nam a2200229 a 4500
001 000022264
005 20200930011645.0
008 100921s2003 cl c 000 0 spa d
020 _a9562825795
040 _aDO-SdBNP
_bspa
_cBNPHU
082 _axxx
_bC322s
245 0 0 _aCartas salidas del silencio /
_cselección y notas Pedro Pablo Zegers B. , Thomás Harris E., Daniela Schutte G. ; presentación Volodia Teitelboim.
260 _aSantiago de Chile :
_bDirección Dibam,
_c2003.
300 _a165 p. :
_bretrs. ;
_c21 cm.
490 1 _aJoyas bibliográficas
700 1 _aZegers B., Pedro Pablo
_esel.
_946013
700 1 _aHarris E., Thomás
_946014
700 1 _aSchutte G., Daniela
_946015
700 1 _aTeitelboim, Volodia
_epres.
_946016
830 0 _aJoyas bibliográficas
_932132
049 _aBNPD
999 _c21762
_d21762